REVOLUTION 2020 LOVE CORRUPTION AMBITION (Record no. 28965)
[ view plain ]
| 000 -LEADER | |
|---|---|
| fixed length control field | 00322nam a2200133Ia 4500 |
| 008 - FIXED-LENGTH DATA ELEMENTS--GENERAL INFORMATION | |
| fixed length control field | 240624s9999 xx 000 0 und d |
| 041 ## - LANGUAGE CODE | |
| Language code of text/sound track or separate title | eng |
| 082 ## - DEWEY DECIMAL CLASSIFICATION NUMBER | |
| Classification number | 823 BHA |
| 100 ## - MAIN ENTRY--PERSONAL NAME | |
| Personal name | BHAGAT CHETAN |
| 245 ## - TITLE STATEMENT | |
| Title | REVOLUTION 2020 LOVE CORRUPTION AMBITION |
| 260 ## - PUBLICATION, DISTRIBUTION, ETC. | |
| Date of publication, distribution, etc. | 2011 |
| Place of publication, distribution, etc. | New Delhi |
| Name of publisher, distributor, etc. | Rupa |
| 300 ## - PHYSICAL DESCRIPTION | |
| Extent | 304 , p. |
| 365 ## - TRADE PRICE | |
| Currency code | RS |
| Withdrawn status | Lost status | Damaged status | Not for loan | Home library | Current library | Shelving location | Date acquired | Cost, normal purchase price | Total Checkouts | Full call number | Barcode | Date due | Date last seen | Date last checked out | Price effective from | Koha item type |
|---|---|---|---|---|---|---|---|---|---|---|---|---|---|---|---|---|
| IMTN | IMTN | Rack 39-A | 08/12/2017 | 140.00 | 6 | 823 BHA | 28965 | 01/28/2026 | 01/18/2026 | 01/18/2026 | 06/24/2024 | Books |